000
00284 a2200109 4500
020
_a
1934154040
082
_a
625.85 ASP
245
_a
Introduction to Asphalt MS- 5
_c
Asphalt Institute
250
_a
8th ed
260
_a
USA :
_b
Asphalt institute,
_c
2004
300
_a
viii, 72p. :
_b
ill. ;
_c
21 cm
650
_a
Asphalt
999
_c
1559
_d
1559